000 00463nam a2200193Ia 4500
008 101110s9999 xx 000 0 und d
041 _aMARATHI
082 _bJR64
100 _aLanjewar M.M., Ukhalkar A.S.
245 _aLekhakarmachi mulattatve
365 _b7.7
520 _aCommerce
546 _aMARATHI
630 _aLekhakarmachi mulattatve
650 _aCommerce
655 _aCommerce
730 _aLekhakarmachi mulattatve
942 _cBOOK
999 _c793380
_d793377